| 000 | 01086cam a2200241 4500 | ||
|---|---|---|---|
| 001 | WB@3612-177 | ||
| 008 | 040923n2004 000 0 eng u | ||
| 035 | _a(Sirsi) u127498 | ||
| 245 | _aIPD monthly index | ||
| 260 | _c2004 | ||
| 490 |
_aEstates Gazette _v(0438) 18 September 2004 62 (1) |
||
| 520 | _aThe latest "IPD monthly index" has been released. It shows that all-property return over the last 12 months continued to rise, reaching 16.6% to August 2004. For the month of August alone it was 1.2%. In the retail and office sectors returns rose. Retail returns rose to 20.3% - a 10-year record - whole offices reached a three-year high of 10%. Rents continued to increase for retails while in the office market rental decline slowed. | ||
| 590 | _aWB | ||
| 590 | _aWB | ||
| 650 | _aIPD MONTHLY INDEX | ||
| 650 |
_aInvestments _96250 |
||
| 650 | _aPROPERTY-COMMERCIAL PROPERTY-RETAIL PROPERTY-RETAIL PROPERTY MARKET | ||
| 650 | _aOFFICE MARKET | ||
| 650 | _aINDUSTRIAL GROWTH | ||
| 650 | _aPROPERTY RETURNS | ||
| 690 | _aCOMMERCIAL PROPERTY-MARKET | ||
| 942 | _n0 | ||
| 999 |
_c118038 _d118038 |
||